000 00639nam a2200121Ia 4500
008 220620s9999||||xx |||||||||||||| ||und||
100 _aWhimp, Kathy||Busse, Mark
245 0 _aProtection of intellectual, biological & cultural property in Papua New Guinea
546 _aEnglish[eng]
650 _apapua new guinea||intellectual property||indigenous studies||Biodiversity||Copyright||Traditional knowledge
856 _uhttps://library.oapen.org/bitstream/20.500.12657/33548/1/459934.pdf||https://library.oapen.org/bitstream/20.500.12657/33548/1/459934.pdf||https://library.oapen.org/bitstream/20.500.12657/33548/1/459934.pdf
942 _cEB
999 _c31923
_d31923